000 00463nam a2200193Ia 4500
005 20250425162646.0
008 250425s9999 xx 000 0 und d
020 _a0444419217
041 _aeng
082 _a574.526
245 0 _aESTUARIES AND ENCLOSED SEAS
250 _aS.E
260 _aEstados Unidos
_bELSEVIER SCIENTIFIC PUBLISHING COMPANY
_c1993
260 _aNEW YORK
300 _a498
650 _aESTUARIOS
942 _c01
010 _a94958
999 _c233811
_d233811